| 000 | 00633nam a22002177i 4500 | ||
|---|---|---|---|
| 001 | 6264 | ||
| 003 | OSt | ||
| 005 | 20180914133409.0 | ||
| 007 | tu | ||
| 008 | 161220s2002 gw |||||||||||||||||ger d | ||
| 024 | 7 |
_a6264 _2RID |
|
| 024 | 7 |
_a6264 _2RSN (alt) |
|
| 040 | _cOSt | ||
| 041 | _ager | ||
| 100 | 1 | _aGreule, Albrecht | |
| 245 | 0 | 0 | _aSprachkulturen im Vergleich: Konsequenzen für Sprachpolitik und internationale Wirtschaftskommunikation |
| 260 |
_aMünchen : _bforost - Forschungsverbund Ost- und Südosteuropa, _c2002. |
||
| 490 |
_aforost Arbeitspapiere _v7/Oktober 2002 _x1613-0332 |
||
| 700 | 1 | _aJanich, Nina | |
| 942 | _cP | ||
| 999 |
_c5871 _d5871 |
||